000 00629nam a2200241Ia 4500
003 0100
008 130307s9999 xx 000 0 und d
040 _cARRUPELIB
050 _aBS2575. 2 R513 1968
100 _aRigaux ,Beda
245 4 _aThe testimony of st matthew
260 _achicago
260 _bFranciscan herald press
260 _c1968
300 _axiii
300 _b223p. 22cm.
650 _aBIBLE
650 _bCapitalism -- Religious aspects -- Christianity
650 _cCommunism and Christianity
650 _dSocialism -- Africa
700 _aOligny , Joseph Paul (translater)
942 0 0 _01
999 _c94913
_d94913